[Event "GER-chT U20"]
[Site "Braunschweig"]
[Date "2019.12.27"]
[Round "2.2"]
[White "Seref, Erdogan"]
[Black "Klenk, Sofie"]
[Result "1/2-1/2"]
[WhiteElo "2003"]
[BlackElo "1812"]
[PlyCount "95"]
[EventDate "2019.12.27"]
[EventType "team-swiss"]
[EventRounds "7"]
[EventCountry "GER"]
[SourceTitle "CBM 194 Extra"]
[Source "ChessBase"]
[SourceDate "2020.03.31"]
[SourceVersion "1"]
[SourceVersionDate "2020.03.31"]
[SourceQuality "1"]
[WhiteTeam "Brackel"]
[BlackTeam "Augsburg"]
[WhiteTeamCountry "GER"]
[BlackTeamCountry "GER"]

1. c4 c6 2. Nf3 d5 3. b3 Nf6 4. Bb2 Bf5 5. g3 Qb6 6. Qc1 Ne4 7. Bd4 c5 8. Bb2 d4 9. d3 Nf6 10. Bg2 Nc6 11. Qf4 e6 12. 0-0 Nb4 13. Qc1 Bd6 14. Nbd2 0-0 15. a3 Nc6 16. b4 cxb4 17. axb4 Bxb4 18. Nb3 e5 19. Qg5 Bg4 20. c5 Bxc5 21. Nxc5 Qxc5 22. Ba3 Nb4 23. Rfc1 Qe7 24. Qxe5 Qxe5 25. Nxe5 a5 26. Nxg4 Nxg4 27. h3 Nf6 28. Bxb7 Rab8 29. Bf3 h6 30. Rc5 Rfc8 31. Rxa5 Nc2 32. Rc1 Nxa3 33. Rxc8+ Rxc8 34. Rxa3 Kf8 35. Ra4 Rd8 36. Kf1 Ke7 37. Ke1 Ne8 38. Ra5 Kf6 39. Kd2 g6 40. e3 dxe3+ 41. fxe3 Ke6 42. d4 f5 43. Kc3 Nf6 44. Rc5 Rd6 45. Re5+ Kf7 46. d5 Nd7 47. Re6 Rxe6 48. dxe6+ 1/2-1/2

[Event "BL 1819 (Women)"]
[Site "Germany"]
[Date "2018.10.27"]
[Round "1.6"]
[White "Zschischang, Marine"]
[Black "Klenk, Sofie"]
[Result "1-0"]
[WhiteElo "2072"]
[BlackElo "1873"]
[PlyCount "83"]
[EventDate "2018.10.27"]
[EventType "team-tourn"]
[EventRounds "11"]
[EventCountry "GER"]
[SourceTitle "CBM 188 Extra"]
[Source "ChessBase"]
[SourceDate "2019.02.26"]
[SourceVersion "1"]
[SourceVersionDate "2019.02.26"]
[SourceQuality "1"]
[WhiteTeam "Lehrte (W)"]
[BlackTeam "Bayern Muenchen (W)"]
[WhiteTeamCountry "GER"]
[BlackTeamCountry "GER"]

1. d4 d5 2. c4 dxc4 3. e3 e5 4. Bxc4 exd4 5. exd4 Nf6 6. Nc3 Bd6 7. Nf3 0-0 8. 0-0 Nc6 9. Bg5 Be7 10. h3 h6 11. Be3 Bf5 12. Ne5 Nxe5 13. dxe5 Nd7 14. f4 Bc5 15. Qf3 Bxe3+ 16. Qxe3 Nb6 17. Bb3 Qe7 18. Nb5 Be6 19. Rac1 c6 20. Nd4 Bxb3 21. Qxb3 g6 22. Qg3 Rfe8 23. Nf5 Qf8 24. Nd6 Red8 25. Nxb7 Rd2 26. Rf2 Qb4 27. Qc3 Qxc3 28. Rxc3 Rxf2 29. Kxf2 Rb8 30. Na5 Nd5 31. Rb3 Rxb3 32. axb3 Nxf4 33. Nxc6 Nd3+ 34. Ke3 Nxb2 35. Kd2 a5 36. Nxa5 Kf8 37. Kc2 Nd1 38. Kxd1 Ke7 39. Kd2 Ke6 40. Nc4 Kd5 41. Kd3 g5 42. g4 1-0

[Event "Youth District Germany"]
[Site "Wuerzburg"]
[Date "2018.10.06"]
[Round "6.5"]
[White "Mueller, Maximilian3333"]
[Black "Klenk, Sofie"]
[Result "0-1"]
[WhiteElo "1547"]
[BlackElo "1873"]
[PlyCount "54"]
[EventDate "2018.10.02"]
[EventType "team-swiss"]
[EventRounds "7"]
[EventCountry "GER"]
[SourceTitle "CBM 186 Extra"]
[Source "ChessBase"]
[SourceDate "2018.08.24"]
[SourceVersion "1"]
[SourceVersionDate "2018.08.24"]
[SourceQuality "1"]
[WhiteTeam "Saarland U20"]
[BlackTeam "Bayern U20 II"]
[WhiteTeamCountry "GER"]
[BlackTeamCountry "GER"]

1. e4 c5 2. d4 cxd4 3. c3 dxc3 4. Nxc3 Nc6 5. Bc4 d6 6. Nf3 a6 7. 0-0 Nf6 8. Bg5 Bg4 9. Be2 e6 10. Rc1 Be7 11. a3 0-0 12. Qd2 Na5 13. Qc2 Rc8 14. Rfd1 Qc7 15. Qd3 Qb8 16. Nd4 Bxe2 17. Ncxe2 Rxc1 18. Rxc1 Rc8 19. Rxc8+ Qxc8 20. Qc3 Qxc3 21. Nxc3 Nc4 22. Nd1 h6 23. Bxf6 Bxf6 24. Nb3 Nxb2 25. Nxb2 Bxb2 26. Na5 b5 27. Nb7 Bxa3 0-1

[Event "BL 1617 (Women)"]
[Site "Germany"]
[Date "2017.03.04"]
[Round "5.6"]
[White "Schneider, Jana"]
[Black "Klenk, Sofie"]
[Result "1-0"]
[WhiteElo "2046"]
[BlackElo "1872"]
[PlyCount "165"]
[EventDate "2016.10.22"]
[EventType "team-tourn"]
[EventRounds "11"]
[EventCountry "GER"]
[SourceTitle "EXT 2018"]
[Source "ChessBase"]
[SourceDate "2017.10.13"]
[SourceVersion "1"]
[SourceVersionDate "2017.10.13"]
[SourceQuality "1"]
[WhiteTeam "Bad Koenigshofen (W)"]
[BlackTeam "Bayern Muenchen (W)"]
[WhiteTeamCountry "GER"]
[BlackTeamCountry "GER"]

1. e4 c5 2. Nf3 e6 3. g3 Nc6 4. Bg2 Nf6 5. Qe2 e5 6. 0-0 Be7 7. c3 0-0 8. Na3 a6 9. Nc2 d5 10. exd5 Qxd5 11. d3 Bf5 12. Nfd4 Nxd4 13. Nxd4 Bxd3 14. Bxd5 Bxe2 15. Bxf7+ Rxf7 16. Nxe2 Rd8 17. c4 b5 18. b3 Ne4 19. Be3 Bg5 20. Bxg5 Nxg5 21. cxb5 axb5 22. Kg2 Ne4 23. Ng1 Nc3 24. a4 bxa4 25. bxa4 Ra8 26. a5 Rfa7 27. Rfc1 Ne4 28. Ra4 Nd2 29. Rxc5 Nb3 30. Rxe5 Rxa5 31. Rae4 Nd2 32. Rxa5 Rxa5 33. Re7 Rf5 34. Ne2 Rf7 35. Re3 g6 36. Nf4 Nc4 37. Rc3 Ne5 38. Ne6 h6 39. Rc8+ Kh7 40. Re8 Nd7 41. h4 Nf6 42. Ra8 Re7 43. Nd4 Ng4 44. Ra4 Ne5 45. Ra6 Rf7 46. Re6 Nd3 47. Nf3 Kg7 48. Rd6 Nc5 49. Rd5 Ne4 50. Re5 Nf6 51. Re6 Nd5 52. Ne5 Rf6 53. Re8 Rf5 54. Ng4 h5 55. Ne5 Rf6 56. Rd8 Ne7 57. Nf3 Nf5 58. Ng5 Nh6 59. Rd7+ Kg8 60. Re7 Ng4 61. f3 Nh6 62. Re8+ Rf8 63. Re6 Kg7 64. Re7+ Kg8 65. Kh3 Nf5 66. Ra7 Re8 67. Ne4 Re6 68. Ra8+ Kg7 69. Ra7+ Kg8 70. Ng5 Rf6 71. Kg2 Ne3+ 72. Kf2 Ng4+ 73. Ke2 Ne5 74. Ke3 Nc4+ 75. Kd4 Nd6 76. Ke5 Ne8 77. Ra8 Rf8 78. Ne6 Rf5+ 79. Ke4 Kf7 80. Rxe8 Kxe8 81. Ng7+ Kf7 82. Nxf5 gxf5+ 83. Kxf5 1-0

[Event "Bayernliga U20 1617"]
[Site "Bayern"]
[Date "2016.11.12"]
[Round "1.1"]
[White "Klenk, Sofie"]
[Black "Leeb, Simon"]
[Result "0-1"]
[WhiteElo "1927"]
[BlackElo "2110"]
[PlyCount "74"]
[EventDate "2016.11.12"]
[EventType "team-tourn"]
[EventRounds "7"]
[EventCountry "GER"]
[SourceTitle "EXT 2022"]
[Source "ChessBase"]
[SourceDate "2021.10.06"]
[SourceVersion "1"]
[SourceVersionDate "2021.10.06"]
[SourceQuality "1"]
[WhiteTeam "Muenchen Tarrasch U20"]
[BlackTeam "Muenchen SO SK U20"]
[WhiteTeamCountry "GER"]
[BlackTeamCountry "GER"]

1. e4 g6 2. d4 Bg7 3. Nf3 d6 4. h3 Nd7 5. Nc3 a6 6. a4 Ngf6 7. Bc4 Nb6 8. Bb3 e6 9. Bg5 h6 10. Bh4 g5 11. Bg3 0-0 12. 0-0 Kh8 13. Qd2 Nh5 14. Bh2 f5 15. exf5 exf5 16. a5 Nd7 17. Nd5 Ndf6 18. Ne1 Nxd5 19. Bxd5 Nf6 20. Bb3 f4 21. c3 Ne4 22. Qd1 Bf5 23. Bc2 d5 24. Nf3 Qd7 25. Nd2 Rae8 26. Re1 c6 27. f3 Nd6 28. Rxe8 Rxe8 29. Nb3 Nc4 30. Bxf5 Qxf5 31. Qb1 Qf7 32. Kh1 Re2 33. Ra2 Qe6 34. Bg1 Bf8 35. Nc1 Re1 36. Qc2 Qe3 37. Ra1 Qxg1# 0-1

[Event "Regionalliga SW 1516 (Women)"]
[Site "Germany"]
[Date "2015.09.27"]
[Round "1.1"]
[White "Klotz, Sonja"]
[Black "Klenk, Sofie"]
[Result "1-0"]
[WhiteElo "1927"]
[BlackElo "1634"]
[PlyCount "107"]
[EventDate "2015.09.27"]
[EventType "team-tourn"]
[EventRounds "5"]
[EventCountry "GER"]
[SourceTitle "EXT 2018"]
[Source "ChessBase"]
[SourceDate "2017.10.13"]
[SourceVersion "1"]
[SourceVersionDate "2017.10.13"]
[SourceQuality "1"]
[WhiteTeam "Stuttgart Wolfbusch (W)"]
[BlackTeam "Bayern Muenchen (W) II"]
[WhiteTeamCountry "GER"]
[BlackTeamCountry "GER"]

1. e4 c5 2. Nc3 Nc6 3. g3 g6 4. Bg2 Bg7 5. d3 d6 6. f4 e6 7. Nf3 Nge7 8. 0-0 0-0 9. Be3 b6 10. d4 f5 11. e5 cxd4 12. Nxd4 d5 13. Nxc6 Nxc6 14. Nxd5 Ba6 15. Re1 Rc8 16. Nc3 Qe7 17. Qf3 Nb4 18. Rac1 Bc4 19. a3 Nd5 20. Nxd5 Bxd5 21. Qe2 Bc4 22. Qf2 Rfd8 23. Red1 Bd5 24. Bxd5 exd5 25. Qg2 Qe6 26. Rd4 Bf8 27. Rcd1 Bc5 28. R4d3 Bxe3+ 29. Rxe3 Qc6 30. c3 Qc5 31. Qf2 Qc4 32. Red3 Rc5 33. Qd2 Rb5 34. b4 Qb3 35. Ra1 d4 36. cxd4 Qc4 37. Qa2 Qxa2 38. Rxa2 Kf7 39. Kf2 Ke6 40. Rc2 a5 41. bxa5 bxa5 42. Ke3 Rdd5 43. Rc6+ Kd7 44. Rdc3 Rb7 45. Kd3 Rdb5 46. Rd6+ Ke7 47. d5 Rb2 48. Ra6 R2b5 49. d6+ Kd7 50. Rac6 Rd5+ 51. Ke3 a4 52. Rc7+ Rxc7 53. Rxc7+ Ke6 54. Re7# 1-0